| 000 | 01181nam a2200229Ia 4500 | ||
|---|---|---|---|
| 003 | Ost | ||
| 005 | 20260507075117.0 | ||
| 008 | 260507s9999||||xx |||||||||||||| ||und|| | ||
| 020 | _a×434029775 | ||
| 040 | _cfsecg | ||
| 041 | _aara | ||
| 082 | _a658.404 | ||
| 100 |
_aنصير، نعيم _eمؤلف |
||
| 245 | 0 |
_aإدارة وتقييم المشروعات / _c نعيم نصير |
|
| 260 |
_aالقاهرة: _bالمنظمة العربية للتنمية الإدارية, _c2005 |
||
| 300 |
_a356 صفحة؛ _bإيضاحات ؛ _c24 سم |
||
| 490 | _aسلسلة بحوث ودراسات | ||
| 520 | _aإدارة المشاريع في الإدارة المعاصرة- دورة حياة المشروع- الأخيرة من دورة حياة المشروع- التنظيم الإداري للمشاريع- الأدوار والمسؤوليات والسلطات في المشروع- برمجة المشاريع- تقييم المشاريع- تحليل العائدات والتكاليف- الأسباب الإدارية لفشل ونجاح المشروعات | ||
| 653 | _aالمشاريع- الإدارة | ||
| 653 | _aتقييم المشروعات | ||
| 942 | _cكتاب | ||
| 999 |
_c43026 _d43026 |
||